| 000 -LEADER |
| fixed length control field |
00651nam a22001337a 4500 |
| 040 ## - CATALOGING SOURCE |
| Transcribing agency |
RUA |
| 082 ## - DEWEY DECIMAL CLASSIFICATION NUMBER |
| Classification number |
VEM LOC 2024 B1-330 Or. |
| 100 ## - MAIN ENTRY--AUTHOR NAME |
| Personal name |
LOCH CHANDARO,ឡុច ចន្តារ៉ូ |
| 245 ## - TITLE STATEMENT |
| Title |
CASE OF SALMONELLA SPP. ON CHICKEN MEAT IN MARKET AT PREY KABAS DISTRICT TAKEO PROVINCE,ករណី SALMONELLA SPP. លើសាច់មាន់នៅលើទីផ្សារ ស្រុកព្រៃកប្បាស ខេត្តតាកែវ |
| 260 ## - PUBLICATION, DISTRIBUTION, ETC. (IMPRINT) |
| Place of publication |
phnom penh |
| Name of publisher |
rua |
| Year of publication |
2024 |
| 300 ## - PHYSICAL DESCRIPTION |
| Number of Pages |
ix.47p. |
| Other physical details |
ill. |
| Dimensions |
29cm. |
| 856 ## - ELECTRONIC LOCATION AND ACCESS |
| Uniform Resource Identifier |
https://drive.google.com/file/d/1UQFXP3-th6oGS76l8Rh5i8G245GpRjo4/view?usp=sharing |
| 942 ## - ADDED ENTRY ELEMENTS (KOHA) |
| Koha item type |
VEM |
| 952 ## - LOCATION AND ITEM INFORMATION (KOHA) |
| Withdrawn status [LOCAL, KOHA] |
0 |
| 952 ## - LOCATION AND ITEM INFORMATION (KOHA) |
| Withdrawn status [LOCAL, KOHA] |
0 |